<?xml version="1.0" encoding="UTF-8"?>
<record
    xmlns:xsi="http://www.w3.org/2001/XMLSchema-instance"
    xsi:schemaLocation="http://www.loc.gov/MARC21/slim http://www.loc.gov/standards/marcxml/schema/MARC21slim.xsd"
    xmlns="http://www.loc.gov/MARC21/slim">

  <leader>00855nam a22002057a 4500</leader>
  <datafield tag="999" ind1=" " ind2=" ">
    <subfield code="c">20755</subfield>
    <subfield code="d">20755</subfield>
  </datafield>
  <controlfield tag="005">20200129092108.0</controlfield>
  <controlfield tag="008">200129b        xxu||||| |||| 00| 0 spa d</controlfield>
  <datafield tag="040" ind1=" " ind2=" ">
    <subfield code="a">CO-BoIAVH </subfield>
    <subfield code="c">CO-BoIAVH </subfield>
  </datafield>
  <datafield tag="041" ind1=" " ind2=" ">
    <subfield code="a">spa</subfield>
  </datafield>
  <datafield tag="044" ind1=" " ind2=" ">
    <subfield code="a">it</subfield>
  </datafield>
  <datafield tag="110" ind1=" " ind2=" ">
    <subfield code="a">Organizaci&#xF3;n de las Naciones Unidas para la Alimentaci&#xF3;n y la Agricultura (FAO)</subfield>
  </datafield>
  <datafield tag="245" ind1=" " ind2=" ">
    <subfield code="a">Financiaci&#xF3;n sostenible para la restauraci&#xF3;n de bosques y paisajes.</subfield>
    <subfield code="b">La funci&#xF3;n de los responsables de formular las pol&#xED;ticas p&#xFA;blicas.</subfield>
  </datafield>
  <datafield tag="260" ind1=" " ind2=" ">
    <subfield code="a">Roma:</subfield>
    <subfield code="b">Organizaci&#xF3;n de las Naciones Unidas para la Alimentaci&#xF3;n y la Agricultura,</subfield>
    <subfield code="c">s.f.</subfield>
  </datafield>
  <datafield tag="300" ind1=" " ind2=" ">
    <subfield code="a">10 P&#xE1;ginas:</subfield>
    <subfield code="b">fotograf&#xED;as y tablas,</subfield>
    <subfield code="c">30 x 21 cm</subfield>
  </datafield>
  <datafield tag="650" ind1=" " ind2="0">
    <subfield code="a">bosques</subfield>
    <subfield code="v">restauraci&#xF3;n</subfield>
  </datafield>
  <datafield tag="650" ind1=" " ind2="0">
    <subfield code="a">Normatividad ambiental</subfield>
  </datafield>
  <datafield tag="650" ind1=" " ind2="0">
    <subfield code="a">Gesti&#xF3;n forestal</subfield>
  </datafield>
  <datafield tag="650" ind1=" " ind2="0">
    <subfield code="a">Proyectos ambientales</subfield>
  </datafield>
  <datafield tag="942" ind1=" " ind2=" ">
    <subfield code="2">ddc</subfield>
    <subfield code="c">Folleto</subfield>
  </datafield>
  <datafield tag="952" ind1=" " ind2=" ">
    <subfield code="0">0</subfield>
    <subfield code="1">0</subfield>
    <subfield code="2">ddc</subfield>
    <subfield code="4">0</subfield>
    <subfield code="7">0</subfield>
    <subfield code="8">HEMEROTECA</subfield>
    <subfield code="a">Bogota</subfield>
    <subfield code="b">Bogota</subfield>
    <subfield code="d">2020-01-29</subfield>
    <subfield code="l">0</subfield>
    <subfield code="o">FG-0398</subfield>
    <subfield code="p">044033</subfield>
    <subfield code="r">2020-01-29 00:00:00</subfield>
    <subfield code="t">Ej. 1</subfield>
    <subfield code="w">2020-01-29</subfield>
    <subfield code="x">Canje</subfield>
    <subfield code="y">Folleto</subfield>
  </datafield>
</record>
